| 000 | 00708nam a2200229 i 4500 | ||
|---|---|---|---|
| 001 | 182179 | ||
| 003 | ES-MaACL | ||
| 005 | 20231022191915.0 | ||
| 008 | 130621s2007 sp bf |||| | spa d | ||
| 020 | _a84-87417-52-3 | ||
| 080 | _a918(238 Andes) | ||
| 100 | 1 |
_aMorales García, Román. _9152976 |
|
| 245 | 1 | 0 |
_aBuscando el sur / _cRomán Morales García. |
| 250 | _a3ª ed. | ||
| 260 |
_aMadrid : _bLa Palma, _c2007. |
||
| 300 |
_a587 p., [24] p. de lám. col. : _bmapas ; _c21 cm. |
||
| 651 | 4 |
_aAndes. _9151302 |
|
| 651 | 4 |
_aAndes (Región)- _xDescripción. _9159908 |
|
| 852 |
_aES-MaACL _jA-12754 _9189090 _bR.148883 _cDEPO1 _dOlim: N-5754 |
||
| 942 |
_2udc _cMONOGRAFIA |
||
| 999 |
_c182179 _d182179 |
||